Vista normal
Vista MARC
Entrada Nombre personal
Número de registros utilizados en: 4
001 - NÚMERO DE CONTROL
- campo de control: 81436
003 - IDENTIFICADOR DEL NÚMERO DE CONTROL
- campo de control: DO-SdBNP
005 - FECHA Y HORA DE LA ÚLTIMA TRANSACCIÓN
- campo de control: 20220408103138.0
008 - DATOS DE LONGITUD FIJA
- campo de control de longitud fija: 220408|| aca||aabn | a|a d
040 ## - FUENTE DE LA CATALOGACIÓN
- Centro catalogador/agencia de origen: DO-SdBNP
- Centro/agencia transcriptor: DO-SdBNP
100 ## - ENCABEZAMIENTO-NOMBRE DE PERSONA
- Nombre de persona: Louis Jean, Marie Carmelle
670 ## - FUENTE DE DATOS ENCONTRADOS
- Cita de la fuente: Work cat.: (DO-SdBNP): Belique, Ana 53018, La muñeca de Dieula = Poupe Dieula /, 2021.
